Содержание бериллия-7 в атмосферном воздухе г. Москвы; АНРИ; Аппаратура и новости радиационных измерений; № 3

Bibliographic Details
Parent link:АНРИ.— , 2000-
Аппаратура и новости радиационных измерений: научно-информационный журнал/ Доза ; Государственный комитет по санэпиднадзору РФ ; Метрологическая академия РФ
№ 3.— 2003.— С. 22-29
Other Authors: Петрова Т. Б., Охрименко С. Е., Власов В. К., Микляев П. С.
Language:Russian
Published: 2003
Series:Измерения
Subjects:
Format: Book Chapter
KOHA link:https://koha.lib.tpu.ru/cgi-bin/koha/opac-detail.pl?biblionumber=387922

MARC

LEADER 00000naa2a2200000 4500
001 387922
005 20231101063655.0
035 |a (RuTPU)RU\TPU\prd\18254 
090 |a 387922 
100 |a 20031008a2003 k y0rusy50 ca 
101 0 |a rus 
102 |a RU 
200 1 |a Содержание бериллия-7 в атмосферном воздухе г. Москвы  |f Т. Б. Петрова, С. Е. Охрименко, В. К. Власов, П. С. Микляев 
225 1 |a Измерения 
320 |a Библиогр.: 28 назв. 
461 1 |0 (RuTPU)RU\TPU\prd\1302  |t АНРИ  |d 2000- 
461 |t Аппаратура и новости радиационных измерений  |o научно-информационный журнал  |f Доза ; Государственный комитет по санэпиднадзору РФ ; Метрологическая академия РФ 
463 1 |0 (RuTPU)RU\TPU\prd\17841  |t № 3  |v С. 22-29  |d 2003 
610 1 |a Москва 
610 1 |a бериллий-7 
610 1 |a радиоактивность 
610 1 |a измерения 
610 1 |a атмосферные аэрозоли 
610 1 |a атмосферный воздух 
701 1 |a Петрова  |b Т. Б. 
701 1 |a Охрименко  |b С. Е. 
701 1 |a Власов  |b В. К. 
701 1 |a Микляев  |b П. С. 
801 1 |a RU  |b 63413507  |c 20031008  |g PSBO 
801 2 |a RU  |b 63413507  |c 20120321  |g RCR 
942 |c BK